[Event "Final Absoluto Uruguayo 2009"]
[Site "Montevideo URU"]
[Date "2009.05.08"]
[Round "1.2"]
[White "Oddone, Cristhian"]
[Black "Carvalho, Guillermo"]
[Result "0-1"]
[WhiteElo "2231"]
[BlackElo "2239"]
[PlyCount "72"]
[EventDate "2009.05.08"]
[EventType "tourn"]
[EventRounds "11"]
[EventCountry "URU"]
[Source "lmi"]
[SourceDate "2009.05.08"]

1. e4 e5 2. d4 exd4 3. c3 d3 4. Bxd3 Nc6 5. Nf3 d6 6. O-O Be7 7. h3 Nf6 8. Qc2
O-O 9. Be3 Ne5 10. Be2 Nxf3+ 11. Bxf3 c6 12. Nd2 Be6 13. Be2 d5 14. e5 Nd7 15.
f4 f5 16. exf6 Nxf6 17. Nf3 Bd6 18. Ng5 Qd7 19. Bd3 h6 20. Nh7 Nxh7 21. Bxh7+
Kh8 22. f5 Bg8 23. Bg6 Be5 24. Rae1 Bf6 25. Bc5 Rfd8 26. Qf2 Bf7 27. Bd4 Bxg6
28. Bxf6 gxf6 29. fxg6 Rf8 30. Qh4 Kg7 31. Rf5 Qxf5 32. Re7+ Kxg6 33. Qg3+ Qg5
34. Qd3+ f5 35. Qe2 Rf7 36. Re6+ Kh7 0-1

[Event "Final Absoluto Uruguayo 2009"]
[Site "Montevideo URU"]
[Date "2009.05.08"]
[Round "1.3"]
[White "Donatti, Alvaro"]
[Black "Lopez Falcon, Jorge"]
[Result "1-0"]
[WhiteElo "2179"]
[BlackElo "2190"]
[PlyCount "55"]
[EventDate "2009.05.08"]
[EventType "tourn"]
[EventRounds "11"]
[EventCountry "URU"]
[Source "lmi"]
[SourceDate "2009.05.08"]

1. e4 c5 2. Nf3 d6 3. d4 cxd4 4. Nxd4 Nf6 5. Nc3 g6 6. Be3 Bg7 7. Be2 Nc6 8.
Qd2 O-O 9. O-O-O Nxd4 10. Bxd4 Be6 11. Kb1 b5 12. f3 b4 13. Nd5 Bxd5 14. exd5
Qa5 15. Bc4 Rfc8 16. Bb3 Qb5 17. Qd3 Qxd3 18. Rxd3 Rc7 19. Re1 Nh5 20. Be3 Be5
21. g3 f5 22. Bd2 Rb7 23. Ba4 Rab8 24. Bc6 Rc7 25. Rb3 f4 26. g4 Nf6 27. Bxb4
e6 28. Bxd6 1-0

[Event "Final Absoluto Uruguayo 2009"]
[Site "Montevideo URU"]
[Date "2009.05.08"]
[Round "1.4"]
[White "Roselli Mailhe, Bernardo"]
[Black "Bustelo, Tabare"]
[Result "1-0"]
[WhiteElo "2379"]
[BlackElo "2065"]
[PlyCount "113"]
[EventDate "2009.05.08"]
[EventType "tourn"]
[EventRounds "11"]
[EventCountry "URU"]
[Source "lmi"]
[SourceDate "2009.05.08"]

1. d4 d5 2. c4 Bf5 3. Nc3 e6 4. e3 Nf6 5. Nf3 c6 6. Qb3 Qb6 7. c5 Qc7 8. Nh4
Bg6 9. Nxg6 hxg6 10. Bd2 Nbd7 11. g3 e5 12. Qa4 e4 13. b4 Be7 14. Bg2 g5 15. h3
O-O 16. h4 g4 17. Qd1 b6 18. O-O a5 19. a3 axb4 20. axb4 Rxa1 21. Qxa1 bxc5 22.
bxc5 Nh5 23. Ne2 g5 24. hxg5 Bxg5 25. Rb1 Rb8 26. Rxb8+ Qxb8 27. Qa6 Ndf6 28.
Qxc6 Qb2 29. Qa8+ Kg7 30. Qa5 Qc2 31. Qc3 Qb1+ 32. Qc1 Qb8 33. Bf1 Ne8 34. Ba5
Bd8 35. Bxd8 Qxd8 36. Qb2 Nc7 37. Qb6 Qe7 38. Nc3 Nf6 39. Be2 Ne6 40. Qb8 Qc7
41. Qa8 Qd8 42. Qxd8 Nxd8 43. Ba6 Ne6 44. Bb7 Nc7 45. Kf1 Kf8 46. Ke2 Ke8 47.
Bc8 Kd8 48. Bb7 Kd7 49. Kd2 Kd8 50. Kc2 Kd7 51. Kb3 Kd8 52. Kb4 Kd7 53. Ka5 Kd8
54. Kb6 Kd7 55. Bc6+ Kd8 56. Kb7 Ne6 57. Bxd5 1-0

[Event "Final Absoluto Uruguayo 2009"]
[Site "Montevideo URU"]
[Date "2009.05.08"]
[Round "1.6"]
[White "Guerrero, Alvaro"]
[Black "Coppola, Claudio"]
[Result "1/2-1/2"]
[WhiteElo "2197"]
[BlackElo "2092"]
[PlyCount "135"]
[EventDate "2009.05.08"]
[EventType "tourn"]
[EventRounds "11"]
[EventCountry "URU"]
[Source "lmi"]
[SourceDate "2009.05.08"]

1. d4 Nf6 2. c4 c5 3. d5 b5 4. cxb5 a6 5. bxa6 g6 6. Nc3 Bxa6 7. Nf3 d6 8. g3
Bg7 9. Bg2 O-O 10. O-O Nbd7 11. Qc2 Qa5 12. Rd1 Rfb8 13. Rb1 Nb6 14. Bd2 Bb7
15. Be1 Qa6 16. e4 Ne8 17. Bf1 Qa5 18. a3 Nd7 19. Nb5 Qd8 20. a4 Nc7 21. Nxc7
Qxc7 22. b4 e6 23. dxe6 fxe6 24. Ng5 Re8 25. Bc4 Nf8 26. bxc5 dxc5 27. Qb3 Bc6
28. a5 Qe7 29. Qb6 Rac8 30. f4 Bd4+ 31. Rxd4 cxd4 32. Qxd4 Red8 33. Qe5 Bd7 34.
Bb4 Qg7 35. Qxg7+ Kxg7 36. Bxf8+ Kxf8 37. Nxe6+ Bxe6 38. Bxe6 Rc2 39. Bd5 Rdc8
40. a6 Rc1+ 41. Rxc1 Rxc1+ 42. Kg2 Ra1 43. Bb7 Ra3 44. Kh3 Ke7 45. Kg4 h6 46.
f5 Kf6 47. fxg6 Kxg6 48. Kf4 Kf6 49. g4 Ra1 50. h4 Ra4 51. g5+ hxg5+ 52. hxg5+
Kg6 53. Bc8 Ra5 54. Bb7 Ra1 55. Kg4 Ra5 56. Kh4 Ra4 57. Kg4 Ra5 58. Kf4 Ra1 59.
e5 Ra4+ 60. Be4+ Kg7 61. Kf5 Rxa6 62. Bf3 Ra3 63. Bh5 Rh3 64. Be8 Rh8 65. Bc6
Rf8+ 66. Kg4 Rc8 67. Bd7 Rc4+ 68. Kf5 1/2-1/2

[Event "Final Absoluto Uruguayo 2009"]
[Site "Montevideo URU"]
[Date "2009.05.09"]
[Round "2.1"]
[White "Larrea, Manuel"]
[Black "Coppola, Claudio"]
[Result "1-0"]
[WhiteElo "2276"]
[BlackElo "2092"]
[PlyCount "89"]
[EventDate "2009.05.08"]
[EventType "tourn"]
[EventRounds "11"]
[EventCountry "URU"]
[Source "lmi"]
[SourceDate "2009.05.08"]

1. e4 e5 2. Nf3 Nc6 3. Bc4 Nf6 4. d3 Bc5 5. c3 a6 6. Nbd2 Ba7 7. Bb3 d6 8. Nf1
Ne7 9. Ng3 Ng6 10. O-O O-O 11. h3 Be6 12. d4 Re8 13. Re1 c6 14. Be3 Bxb3 15.
Qxb3 Qc7 16. Rad1 d5 17. Nxe5 dxe4 18. Bg5 Nxe5 19. Bxf6 gxf6 20. dxe5 Rxe5 21.
Rxe4 Rae8 22. Rxe5 Rxe5 23. c4 Qe7 24. Qc3 f5 25. Qd2 f4 26. Qxf4 Re1+ 27. Rxe1
Qxe1+ 28. Nf1 Qe2 29. Qg4+ Qxg4 30. hxg4 Bd4 31. b3 Kf8 32. Ng3 Ke8 33. Kf1 Kd7
34. Ke2 Be5 35. Ne4 h6 36. g3 Kc7 37. f4 Bb2 38. c5 f6 39. Kd3 b6 40. Nd6 bxc5
41. Nf5 Kb6 42. Kc4 Bc1 43. Nxh6 Be3 44. Nf5 Bd2 45. Kd3 1-0

[Event "Final Absoluto Uruguayo 2009"]
[Site "Montevideo URU"]
[Date "2009.05.09"]
[Round "2.2"]
[White "Saralegui, Mario"]
[Black "Guerrero, Alvaro"]
[Result "1-0"]
[WhiteElo "2148"]
[BlackElo "2197"]
[PlyCount "115"]
[EventDate "2009.05.08"]
[EventType "tourn"]
[EventRounds "11"]
[EventCountry "URU"]
[Source "lmi"]
[SourceDate "2009.05.08"]

1. d4 Nf6 2. c4 g6 3. Nc3 Bg7 4. e4 d6 5. Nf3 O-O 6. Be2 e5 7. Be3 Ng4 8. Bg5
f6 9. Bh4 g5 10. Bg3 Nh6 11. d5 Nd7 12. Nd2 Qe7 13. h4 Rd8 14. hxg5 fxg5 15.
Qc2 Nf8 16. f3 Ng6 17. O-O-O a6 18. Rh2 Nf7 19. Rdh1 Nf8 20. Bf2 Bd7 21. Nd1 c6
22. Ne3 Rdc8 23. Kb1 Qd8 24. Qd3 Rab8 25. Nf5 c5 26. g3 b5 27. Qc2 Rb7 28. Nxg7
Kxg7 29. f4 Rcb8 30. b3 Qf6 31. Bh5 a5 32. Bxf7 a4 33. fxe5 Qxe5 34. Qb2 Qxb2+
35. Kxb2 Kxf7 36. Be3 axb3 37. a3 Ra8 38. e5 dxe5 39. Bxc5 Kg8 40. Ne4 bxc4 41.
Nf6+ Kg7 42. Nxh7 Nxh7 43. Rxh7+ Kg6 44. g4 Bxg4 45. Rxb7 Bf3 46. Rb6+ Kf5 47.
Rf1 g4 48. d6 Ke6 49. Kc3 Rh8 50. Re1 Rh2 51. d7+ Kxd7 52. Rxe5 Rc2+ 53. Kd4 b2
54. Re7+ Kc8 55. Bd6 Rd2+ 56. Ke5 Bb7 57. Rc7+ Kd8 58. Rbxb7 1-0

[Event "Final Absoluto Uruguayo 2009"]
[Site "Montevideo URU"]
[Date "2009.05.09"]
[Round "2.3"]
[White "Bustelo, Tabare"]
[Black "Izquierdo, Daniel"]
[Result "0-1"]
[WhiteElo "2065"]
[BlackElo "2288"]
[PlyCount "70"]
[EventDate "2009.05.08"]
[EventType "tourn"]
[EventRounds "11"]
[EventCountry "URU"]
[Source "lmi"]
[SourceDate "2009.05.08"]

1. d4 d5 2. Nc3 Bf5 3. Bf4 Nf6 4. f3 e6 5. g4 Bg6 6. h4 h5 7. g5 Ng8 8. e4 Bb4
9. Bd3 Ne7 10. Nge2 Nbc6 11. O-O Qd7 12. Nb5 Ba5 13. c3 Bb6 14. Kg2 a6 15. Na3
Rd8 16. Bg3 dxe4 17. fxe4 e5 18. Nc4 exd4 19. Nxb6 cxb6 20. cxd4 Nxd4 21. Nf4
Ndc6 22. Nxg6 Nxg6 23. Qf3 Nd4 24. Qf2 O-O 25. Rac1 b5 26. Rc7 Qg4 27. Kh2 Ne6
28. Be2 Qxe4 29. Rxf7 Rd2 30. Rxf8+ Nexf8 31. Bc4+ Qxc4 32. Qxd2 Qxf1 33. Qd5+
Kh7 34. Qxb7 Ne6 35. Qe4 Nef4 0-1

[Event "Final Absoluto Uruguayo 2009"]
[Site "Montevideo URU"]
[Date "2009.05.09"]
[Round "2.4"]
[White "Lopez Falcon, Jorge"]
[Black "Roselli Mailhe, Bernardo"]
[Result "0-1"]
[WhiteElo "2190"]
[BlackElo "2379"]
[PlyCount "88"]
[EventDate "2009.05.08"]
[EventType "tourn"]
[EventRounds "11"]
[EventCountry "URU"]
[Source "lmi"]
[SourceDate "2009.05.08"]

1. d4 d5 2. c4 dxc4 3. Nf3 Nd7 4. e3 Nb6 5. a4 a5 6. Qc2 Nf6 7. Nbd2 g6 8. Nxc4
Nbd5 9. Bd2 c6 10. Be2 Bg7 11. O-O O-O 12. Nfe5 Be6 13. Rfc1 Qc7 14. Be1 Rfc8
15. h3 Nd7 16. Nxd7 Bxd7 17. Bf3 Be6 18. Qe2 Qd8 19. Nd2 b6 20. Nc4 c5 21. dxc5
Rxc5 22. Na3 Rac8 23. Rd1 Qe8 24. Nb5 Rc2 25. Rd2 Nb4 26. Nd4 Bxd4 27. exd4 Qd7
28. Qe3 Rxd2 29. Qxd2 Rc2 30. Qh6 Bd5 31. Bd1 Rxb2 32. Bc3 Ra2 33. Rc1 Nd3 34.
Rc2 Rxc2 35. Bxc2 Nb4 36. Bd1 Qc6 37. Bb2 f6 38. g4 Nd3 39. Ba1 Bh1 40. Bb3+
Bd5 41. Qe3 Nb4 42. Bd1 Qe6 43. Qd2 Qe4 44. f3 Qb1 0-1

[Event "Final Absoluto Uruguayo 2009"]
[Site "Montevideo URU"]
[Date "2009.05.09"]
[Round "2.5"]
[White "Carvalho, Guillermo"]
[Black "Donatti, Alvaro"]
[Result "0-1"]
[WhiteElo "2239"]
[BlackElo "2179"]
[PlyCount "50"]
[EventDate "2009.05.08"]
[EventType "tourn"]
[EventRounds "11"]
[EventCountry "URU"]
[Source "lmi"]
[SourceDate "2009.05.08"]

1. d4 Nf6 2. c4 c5 3. e3 g6 4. Nf3 Bg7 5. Nc3 cxd4 6. exd4 d5 7. cxd5 Nxd5 8.
Qb3 Nxc3 9. bxc3 O-O 10. Be2 Nc6 11. O-O Qc7 12. Re1 Be6 13. Qa3 Bd5 14. Bg5 e5
15. Rac1 Rae8 16. Qc5 Bxf3 17. Bxf3 exd4 18. Bxc6 Rxe1+ 19. Rxe1 dxc3 20. Re7
Qxc6 21. Qxc6 bxc6 22. Rc7 h6 23. Be3 Rd8 24. Kf1 Rd6 25. Ke2 c2 0-1

[Event "Final Absoluto Uruguayo 2009"]
[Site "Montevideo URU"]
[Date "2009.05.09"]
[Round "3.1"]
[White "Oddone, Cristhian"]
[Black "Larrea, Manuel"]
[Result "0-1"]
[WhiteElo "2231"]
[BlackElo "2276"]
[PlyCount "62"]
[EventDate "2009.05.08"]
[EventType "tourn"]
[EventRounds "11"]
[EventCountry "URU"]
[Source "lmi"]
[SourceDate "2009.05.08"]

1. d4 d6 2. c4 g6 3. Nc3 Bg7 4. e4 Nf6 5. Nge2 O-O 6. Ng3 Nc6 7. d5 Ne5 8. Be2
e6 9. h4 exd5 10. cxd5 h5 11. Bg5 c5 12. O-O Qb6 13. Qd2 Nh7 14. a4 Nxg5 15.
hxg5 Bg4 16. a5 Qd8 17. f3 Bd7 18. Nh1 f6 19. f4 Ng4 20. f5 fxg5 21. Bxg4 hxg4
22. Qd3 Bd4+ 23. Kh2 Qf6 24. Kg3 Qh8 25. Kxg4 Qh4+ 26. Kf3 gxf5 27. Ke2 fxe4
28. Rxf8+ Rxf8 29. Qg3 Rf2+ 30. Qxf2 Bg4+ 31. Ke1 Bxf2+ 0-1

[Event "Final Absoluto Uruguayo 2009"]
[Site "Montevideo URU"]
[Date "2009.05.09"]
[Round "3.3"]
[White "Roselli Mailhe, Bernardo"]
[Black "Carvalho, Guillermo"]
[Result "1/2-1/2"]
[WhiteElo "2379"]
[BlackElo "2239"]
[PlyCount "40"]
[EventDate "2009.05.08"]
[EventType "tourn"]
[EventRounds "11"]
[EventCountry "URU"]
[Source "lmi"]
[SourceDate "2009.05.08"]

1. g3 e5 2. Bg2 Nf6 3. c4 c6 4. Nf3 e4 5. Nd4 d5 6. cxd5 Qxd5 7. Nc2 Qh5 8. Nc3
Bh3 9. Bxh3 Qxh3 10. Ne3 Nbd7 11. Qc2 Qe6 12. d3 exd3 13. Qxd3 Rd8 14. O-O Nc5
15. Qc4 Qe5 16. Ng4 Nxg4 17. Qxg4 Ne6 18. Kg2 h5 19. Qe4 Qxe4+ 20. Nxe4 Be7
1/2-1/2

[Event "Final Absoluto Uruguayo 2009"]
[Site "Montevideo URU"]
[Date "2009.05.09"]
[Round "3.4"]
[White "Izquierdo, Daniel"]
[Black "Lopez Falcon, Jorge"]
[Result "1-0"]
[WhiteElo "2288"]
[BlackElo "2190"]
[PlyCount "141"]
[EventDate "2009.05.08"]
[EventType "tourn"]
[EventRounds "11"]
[EventCountry "URU"]
[Source "lmi"]
[SourceDate "2009.05.08"]

1. e4 c5 2. Nf3 d6 3. d4 cxd4 4. Nxd4 Nf6 5. Nc3 g6 6. Be2 Bg7 7. O-O O-O 8.
Bg5 Nc6 9. Nb3 a6 10. f4 h6 11. Bh4 Be6 12. Bf3 Bc4 13. Re1 e5 14. f5 g5 15.
Bf2 a5 16. a4 Qc7 17. Nb5 Bxb5 18. axb5 Ne7 19. b6 Qd7 20. c4 a4 21. Nd2 Qc6
22. h3 Nd7 23. b4 Nxb6 24. Qe2 Rfc8 25. Rec1 Nd7 26. Ra3 b5 27. Qd3 Nb6 28. c5
Nd7 29. Rac3 dxc5 30. Bxc5 Nxc5 31. Rxc5 Qa6 32. Be2 Nc6 33. Qc3 Ne7 34. Bxb5
Qb6 35. Kh2 Rxc5 36. Qxc5 Nc8 37. Bxa4 Bf8 38. Qxb6 Nxb6 39. Bc6 Ra2 40. Nc4
Nxc4 41. Rxc4 Rb2 42. b5 Bd6 43. Bd7 Kg7 44. Rc6 Be7 45. Rb6 Rd2 46. Rb7 Kf6
47. Bc6 Rb2 48. Bd5 h5 49. Kg3 g4 50. hxg4 hxg4 51. Kxg4 Rxg2+ 52. Kf3 Rb2 53.
Ke3 Bc5+ 54. Kd3 Kg5 55. Bxf7 Rb4 56. Bd5 Rb2 57. Bc6 Kf6 58. Rh7 Bd4 59. Kc4
Rd2 60. Be8 Be3 61. b6 Rd4+ 62. Kb5 Rxe4 63. b7 Ba7 64. Rh6+ Kg5 65. Ra6 Bb8
66. f6 Rf4 67. f7 e4 68. Ra4 Rf5+ 69. Kc6 Kf4 70. Kd7 Kf3 71. Ke7 1-0

[Event "Final Absoluto Uruguayo 2009"]
[Site "Montevideo URU"]
[Date "2009.05.09"]
[Round "3.5"]
[White "Guerrero, Alvaro"]
[Black "Bustelo, Tabare"]
[Result "1-0"]
[WhiteElo "2197"]
[BlackElo "2065"]
[PlyCount "183"]
[EventDate "2009.05.08"]
[EventType "tourn"]
[EventRounds "11"]
[EventCountry "URU"]
[Source "lmi"]
[SourceDate "2009.05.08"]

1. d4 d5 2. c4 Bf5 3. Nf3 e6 4. Nc3 Nf6 5. e3 c6 6. Nh4 Bg6 7. g3 Bb4 8. Nxg6
hxg6 9. Bd2 Bd6 10. Bg2 Nbd7 11. O-O O-O 12. c5 Be7 13. f4 b6 14. b4 a5 15. a3
Qc7 16. Qe2 Ra7 17. Rac1 axb4 18. axb4 b5 19. g4 Rfa8 20. g5 Nh7 21. h4 Ra3 22.
Qd1 f5 23. Rb1 Kf7 24. Qc2 Nb8 25. Bc1 R3a7 26. Rf2 Qb7 27. Bf3 Na6 28. Rh2 Rh8
29. Qg2 Nf8 30. Qb2 Nd7 31. Nd1 Nc7 32. Qg2 Qa8 33. Qb2 Ra6 34. Qc3 Qa7 35. Nf2
Ra2 36. Bb2 Qa8 37. Bd1 Rh7 38. Bb3 Ra6 39. Nd3 Qh8 40. Qe1 Ra7 41. Bd1 Ra2 42.
Nc1 Ra7 43. Nb3 Na6 44. Bc3 Qa8 45. Ra1 Bd8 46. Rha2 Ndb8 47. Qg3 Qb7 48. Be1
Bc7 49. Qg2 Ke7 50. Na5 Bxa5 51. Rxa5 Kd7 52. h5 gxh5 53. g6 Rh6 54. Bh4 Qc8
55. Qg5 Qe8 56. Bxh5 Kc8 57. R5a2 Kb7 58. Rh2 Kc8 59. Raa2 Rd7 60. Ra1 Kb7 61.
Raa2 Rc7 62. Rag2 Rc8 63. Be1 Qd7 64. Qg3 Rch8 65. Qf3 Qe8 66. Qe2 Nd7 67. Qd1
Nf6 68. Bf3 Rxh2 69. Rxh2 Rxh2 70. Kxh2 Qxg6 71. Qe2 Kc7 72. Qa2 Nb8 73. Qa7+
Kc8 74. Qe7 Nbd7 75. Bh4 Qh6 76. Kg3 Qg6+ 77. Kh3 Kc7 78. Qxe6 Qh6 79. Qxf5 Kb7
80. Bg4 Qh8 81. Qe6 Qb8 82. Qe7 Qc7 83. Be6 Nb8 84. Bxf6 gxf6 85. Qxf6 Na6 86.
Qe5 Qh7+ 87. Kg3 Qg6+ 88. Bg4 Nxb4 89. f5 Qh6 90. f6 Ka6 91. f7 Nd3 92. Qe8 1-0

[Event "Final Absoluto Uruguayo 2009"]
[Site "Montevideo URU"]
[Date "2009.05.09"]
[Round "3.6"]
[White "Coppola, Claudio"]
[Black "Saralegui, Mario"]
[Result "1-0"]
[WhiteElo "2092"]
[BlackElo "2148"]
[PlyCount "153"]
[EventDate "2009.05.08"]
[EventType "tourn"]
[EventRounds "11"]
[EventCountry "URU"]
[Source "lmi"]
[SourceDate "2009.05.08"]

1. d4 Nf6 2. c4 e6 3. g3 c5 4. Nf3 cxd4 5. Nxd4 Nc6 6. Nc3 Qb6 7. Ndb5 Ne5 8.
Be3 Bc5 9. Bxc5 Qxc5 10. Qd6 Qxd6 11. Nxd6+ Ke7 12. Rd1 b6 13. Bg2 Rb8 14. Ncb5
Ba6 15. b3 Bxb5 16. Nxb5 a5 17. O-O Rhc8 18. h3 Rc5 19. f4 Nc6 20. e4 e5 21.
Rd2 a4 22. Rfd1 axb3 23. axb3 h6 24. Nc3 g5 25. fxg5 hxg5 26. Rf2 Nh5 27. Nd5+
Rxd5 28. cxd5 Nd4 29. Kh2 Nxb3 30. Rdf1 Rf8 31. Rb1 Nd4 32. Rxb6 f6 33. Bf1 Rc8
34. d6+ Kf7 35. Bb5 Nxb5 36. Rxb5 Ke6 37. Rb3 Kxd6 38. Kg2 Ke7 39. Kf3 Ng7 40.
h4 Ne6 41. Ra3 gxh4 42. gxh4 Nd4+ 43. Kg2 Ne6 44. Kf3 Nd4+ 45. Kg4 Rg8+ 46. Kh3
Ne6 47. Rg3 Rh8 48. Rg4 Nf4+ 49. Kg3 Nh5+ 50. Kf3 Ke6 51. Ra2 Rb8 52. Rg6 Rb3+
53. Kg4 Nf4 54. Rh6 Rb1 55. Ra6+ d6 56. Rh8 Rg1+ 57. Kf3 Rf1+ 58. Ke3 Re1+ 59.
Kf3 Rf1+ 60. Kg3 Rg1+ 61. Kf2 Rg2+ 62. Kf3 Rh2 63. Rd8 Rd2 64. Ra7 d5 65. Re8+
Kd6 66. Ra6+ Kc5 67. Rxf6 Rd3+ 68. Kg4 dxe4 69. Rxe5+ Kd4 70. Re8 Nd5 71. Rfe6
e3 72. h5 Kc3 73. h6 Rd1 74. Rxe3+ Nxe3+ 75. Rxe3+ Kd4 76. Rh3 Rg1+ 77. Kh5 1-0

[Event "Final Absoluto Uruguayo 2009"]
[Site "Montevideo URU"]
[Date "2009.05.10"]
[Round "4.1"]
[White "Larrea, Manuel"]
[Black "Saralegui, Mario"]
[Result "1/2-1/2"]
[WhiteElo "2276"]
[BlackElo "2148"]
[PlyCount "169"]
[EventDate "2009.05.08"]
[EventType "tourn"]
[EventRounds "11"]
[EventCountry "URU"]
[Source "lmi"]
[SourceDate "2009.05.08"]

1. e4 e5 2. Nf3 Nc6 3. Bc4 Nf6 4. d3 Be7 5. O-O O-O 6. Bb3 d6 7. c3 h6 8. Nbd2
Re8 9. Nc4 Bf8 10. Re1 b5 11. Ne3 Na5 12. Bc2 c5 13. d4 cxd4 14. cxd4 Nc6 15.
d5 Nb4 16. Bb1 a5 17. a3 Na6 18. b4 axb4 19. axb4 Bd7 20. Bd2 Nc7 21. Bd3 Qb8
22. h3 Qb7 23. Qe2 Rxa1 24. Rxa1 Ra8 25. Qd1 Be7 26. g4 Bd8 27. Qb1 Rxa1 28.
Qxa1 Na6 29. Qf1 Nc7 30. Bc3 Qa6 31. Nd2 Na8 32. Qa1 Qxa1+ 33. Bxa1 Bb6 34. Nc2
Nc7 35. Na3 Nfe8 36. Bc3 Kf8 37. Kg2 Ke7 38. Kg3 f6 39. f4 g6 40. Kf3 Kf7 41.
Nf1 Ng7 42. Ng3 Ba7 43. Ne2 Bb6 44. Bd2 h5 45. Nc3 hxg4+ 46. hxg4 f5 47. Naxb5
fxg4+ 48. Kg2 Nxb5 49. Bxb5 Bc8 50. Be2 Nh5 51. Nb5 Ke7 52. fxe5 dxe5 53. Bg5+
Kf8 54. Nd6 Bd7 55. Nc4 Bd4 56. Ne3 Nf4+ 57. Bxf4 exf4 58. Nxg4 Bxg4 59. Bxg4
Be5 60. Kf3 Ke7 61. Ke2 Bc3 62. b5 Kd6 63. b6 Be5 64. Bc8 Kc5 65. b7 Kd4 66.
Kf3 Bb8 67. Bd7 Ke5 68. Bb5 g5 69. Bd3 Bd6 70. Bc2 Bb8 71. Kg4 Kf6 72. Bd1 Bd6
73. Kh5 Bb8 74. Bf3 Bd6 75. Kh6 Bb8 76. Kh7 Ke5 77. Kg6 g4 78. Bxg4 Kxe4 79.
Be6 Ke5 80. Kf7 Kd6 81. Ke8 f3 82. Kd8 f2 83. Bh3 Kxd5 84. Kc8 Bg3 85. b8=Q
1/2-1/2

[Event "Final Absoluto Uruguayo 2009"]
[Site "Montevideo URU"]
[Date "2009.05.10"]
[Round "4.2"]
[White "Bustelo, Tabare"]
[Black "Coppola, Claudio"]
[Result "1/2-1/2"]
[WhiteElo "2065"]
[BlackElo "2092"]
[PlyCount "67"]
[EventDate "2009.05.08"]
[EventType "tourn"]
[EventRounds "11"]
[EventCountry "URU"]
[Source "lmi"]
[SourceDate "2009.05.08"]

1. e4 e5 2. f4 Bc5 3. Nf3 d6 4. Bc4 Nf6 5. d3 Nc6 6. c3 Bb6 7. a4 a6 8. b4 Be6
9. Na3 exf4 10. Bxf4 d5 11. exd5 Nxd5 12. Bxd5 Qxd5 13. a5 Ba7 14. Bxc7 Rc8 15.
Bb6 Bxb6 16. axb6 Ne5 17. O-O Rxc3 18. Nxe5 Qxe5 19. Qa4+ Kf8 20. Nc4 Qd4+ 21.
Kh1 g6 22. Rae1 Bd5 23. Ne5 Kg7 24. Qd7 Rd8 25. Rxf7+ Bxf7 26. Qxf7+ Kh6 27. h3
Rc1 28. Ng4+ Qxg4 29. hxg4 Rxe1+ 30. Kh2 Rxd3 31. Qxb7 Rb1 32. Qe7 Rdb3 33.
Qh4+ Kg7 34. Qe7+ 1/2-1/2

[Event "Final Absoluto Uruguayo 2009"]
[Site "Montevideo URU"]
[Date "2009.05.10"]
[Round "4.3"]
[White "Lopez Falcon, Jorge"]
[Black "Guerrero, Alvaro"]
[Result "0-1"]
[WhiteElo "2190"]
[BlackElo "2197"]
[PlyCount "132"]
[EventDate "2009.05.08"]
[EventType "tourn"]
[EventRounds "11"]
[EventCountry "URU"]
[Source "lmi"]
[SourceDate "2009.05.08"]

1. d4 Nf6 2. Nf3 d6 3. c4 g6 4. g3 Bg7 5. Bg2 O-O 6. O-O a6 7. Nc3 Nc6 8. Bf4
Rb8 9. Rc1 Nh5 10. Be3 f5 11. d5 Ne5 12. b3 Bd7 13. Qd2 Nf7 14. Ng5 Qe8 15.
Nxf7 Qxf7 16. Bh6 Bxh6 17. Qxh6 Nf6 18. Qd2 e5 19. dxe6 Bxe6 20. Nd5 Ne4 21.
Qd3 Rbe8 22. Nf4 Bd7 23. Qd5 Bc6 24. Qxf7+ Rxf7 25. Rfd1 g5 26. Nd5 Kg7 27. Bf3
Kg6 28. Rd4 Nc5 29. Rc2 h6 30. Kf1 Ne6 31. Rdd2 h5 32. e3 h4 33. Rd1 Kh6 34.
Bg2 Kg7 35. Bh3 g4 36. Bg2 Ng5 37. Nf4 Nf3 38. gxh4 Nxh2+ 39. Kg1 Nf3+ 40. Bxf3
Bxf3 41. Rdc1 Rh8 42. h5 Kf6 43. Kh2 Rfh7 44. Kg3 Kg5 45. Nh3+ Kxh5 46. Ng1 Be4
47. Rd2 Kg5 48. f3 gxf3 49. Nxf3+ Bxf3 50. Kxf3 Rh3+ 51. Ke2 Re8 52. Rg1+ Kf6
53. Kd1 Rexe3 54. Rg8 a5 55. Rdg2 Rh7 56. R8g6+ Kf7 57. Kd2 Re6 58. Rg8 b6 59.
Kd3 Ke7 60. Kd4 Re4+ 61. Kd3 Rf7 62. a3 Re5 63. b4 axb4 64. axb4 f4 65. Rc8 Kd7
66. Rgg8 f3 0-1

[Event "Final Absoluto Uruguayo 2009"]
[Site "Montevideo URU"]
[Date "2009.05.10"]
[Round "4.6"]
[White "Oddone, Cristhian"]
[Black "Donatti, Alvaro"]
[Result "0-1"]
[WhiteElo "2231"]
[BlackElo "2179"]
[PlyCount "94"]
[EventDate "2009.05.08"]
[EventType "tourn"]
[EventRounds "11"]
[EventCountry "URU"]
[Source "lmi"]
[SourceDate "2009.05.08"]

1. e4 c5 2. Nf3 e6 3. d3 b6 4. g3 Bb7 5. Bg2 d6 6. O-O Nf6 7. Nh4 Nc6 8. f4 Be7
9. Nd2 Qc7 10. f5 e5 11. Nhf3 Nd4 12. c3 Nxf3+ 13. Nxf3 c4 14. Ne1 O-O 15. Bg5
Rad8 16. dxc4 Qxc4 17. Qd3 d5 18. exd5 Bxd5 19. Bxd5 Qxd3 20. Nxd3 Rxd5 21.
Rad1 Rfd8 22. Bxf6 gxf6 23. Nf2 Bc5 24. Rxd5 Rxd5 25. b4 Be3 26. Re1 Bxf2+ 27.
Kxf2 Rd2+ 28. Re2 Rxe2+ 29. Kxe2 Kf8 30. c4 Ke7 31. g4 Kd6 32. Kd3 h6 33. Ke4
Kc6 34. h4 Kd6 35. Ke3 Kc6 36. Kf3 Kd6 37. Ke4 Kc6 38. g5 fxg5 39. hxg5 hxg5
40. Kxe5 f6+ 41. Kxf6 g4 42. Ke7 g3 43. f6 g2 44. f7 g1=Q 45. f8=Q Qe3+ 46. Kd8
Qd4+ 47. Kc8 Qd7+ 0-1

[Event "Final Absoluto Uruguayo 2009"]
[Site "Montevideo URU"]
[Date "2009.05.11"]
[Round "5.1"]
[White "Donatti, Alvaro"]
[Black "Larrea, Manuel"]
[Result "1-0"]
[WhiteElo "2179"]
[BlackElo "2276"]
[PlyCount "133"]
[EventDate "2009.05.08"]
[EventType "tourn"]
[EventRounds "11"]
[EventCountry "URU"]
[Source "lmi"]
[SourceDate "2009.05.08"]

1. e4 c5 2. Nf3 Nc6 3. c3 Nf6 4. e5 Nd5 5. d4 cxd4 6. cxd4 d6 7. Bc4 Nb6 8. Bb5
a6 9. Bxc6+ bxc6 10. O-O Bg4 11. exd6 Qxd6 12. Qb3 Bxf3 13. Qxf3 Nd5 14. Nc3 e6
15. Bg5 Nxc3 16. bxc3 Qd5 17. Qxd5 cxd5 18. Rab1 Be7 19. Bd2 O-O 20. Rb7 Bd6
21. Rfb1 Rfc8 22. Kf1 Rc4 23. Ke2 h5 24. h3 Ra4 25. R1b2 Rc8 26. Kd3 Bc7 27.
R7b4 Ra3 28. R4b3 Ra4 29. Rb4 Ra5 30. Rb7 Bd6 31. Ke2 Ra4 32. Ra7 Rc7 33. Ra8+
Kh7 34. Rb6 Be7 35. Rbxa6 Rxa6 36. Rxa6 Rb7 37. Kd3 Kg6 38. Ra4 Rb1 39. c4
dxc4+ 40. Rxc4 Rg1 41. g3 h4 42. gxh4 Rh1 43. h5+ Kxh5 44. Rc7 Rxh3+ 45. Be3
Bh4 46. Rxf7 Kg6 47. Rf8 Be7 48. Re8 Kf7 49. Ra8 g5 50. Ke4 g4 51. Kf4 g3 52.
fxg3 Bd6+ 53. Ke4 Rxg3 54. a4 Rg4+ 55. Kd3 Rg3 56. Ke4 Rg4+ 57. Kf3 Rg3+ 58.
Kf2 Rh3 59. a5 Rh2+ 60. Kg1 Ra2 61. a6 Ra3 62. Kf2 Ke7 63. a7 Bc7 64. d5 Ra2+
65. Kf3 Ra3 66. Rh8 Bd8 67. dxe6 1-0

[Event "Final Absoluto Uruguayo 2009"]
[Site "Montevideo URU"]
[Date "2009.05.11"]
[Round "5.2"]
[White "Roselli Mailhe, Bernardo"]
[Black "Oddone, Cristhian"]
[Result "1-0"]
[WhiteElo "2379"]
[BlackElo "2231"]
[PlyCount "67"]
[EventDate "2009.05.08"]
[EventType "tourn"]
[EventRounds "11"]
[EventCountry "URU"]
[Source "lmi"]
[SourceDate "2009.05.08"]

1. d4 Nf6 2. Nc3 d5 3. Bg5 Nbd7 4. f3 h6 5. Bh4 e6 6. e4 Be7 7. e5 Ng8 8. Bf2
c5 9. f4 Qa5 10. Nf3 a6 11. a3 c4 12. Be2 Nb6 13. O-O Na4 14. Nxa4 Qxa4 15. Ne1
Bd7 16. g4 Qa5 17. c3 Qa4 18. Qd2 O-O-O 19. Ng2 h5 20. gxh5 Nh6 21. Ne3 g6 22.
Kh1 Rdg8 23. Rg1 Be8 24. Rg2 gxh5 25. Rxg8 Nxg8 26. f5 Bg5 27. f6 Nh6 28. Rg1
Bxe3 29. Bxe3 Nf5 30. Bf2 Qb3 31. Bd1 Qb6 32. Rg5 h4 33. Rh5 Bd7 34. Rg5 1-0